=LDR 00000nam 2200000 4500 =001 INLIS000000000027937 =005 20130612130257 =008 ***********************************Ind** =035 ##$$a0010-061300000027937 =041 ##$$a Ind =082 ##$$a 657.42 =090 ##$$a 657.42, Kri p =100 ##$$a Krista =245 ##$$a Praktikum akuntansi biaya, kertas kerja, Krista =260 ##$$a 2006 $b Jakarta =300 ##$$a iv, 96 hlm, ilus, 21 cm =650 ##$$a akuntansi =850 ##$$a NBPNMAT =990 ##$$a 0001/BPAP-NTB/20142014